| 000 | 00465nam a2200145 a 4500 | ||
|---|---|---|---|
| 001 | 000032293 | ||
| 005 | 20200930063608.0 | ||
| 008 | 110714s1941 dr 000 0 spa d | ||
| 040 |
_aDO-SdBNP _bspa _cBNPHU |
||
| 100 | 1 |
_aMoreno Jimenes, Domingo _931950 |
|
| 245 | 1 | 0 |
_aÍndice de una vida : _bDel mar viene todo / _cD. Moreno Jimenes. |
| 260 |
_aCiudad Trujillo, República Dominicana : _bLibrería dominicana, _c1941. |
||
| 300 |
_a[24 p.] ; _c16 cm. |
||
| 049 | _aBNPD | ||
| 999 |
_c31784 _d31784 |
||